[Event "XXV Festival Conca della Presolana A"]
[Site "Bratto - Castione della Presolana ITA"]
[Date "2005.08.25"]
[Round "6"]
[White "Godena, Michele"]
[Black "Epishin, Vladimir V."]
[Result "1/2-1/2"]
[WhiteElo "2522"]
[BlackElo "2600"]
[PlyCount "40"]
[EventDate "2005.08.20"]

1. e4 c5 2. Nf3 e6 3. c3 d5 4. exd5 Qxd5 5. d4 Nf6 6. Na3 Qd8 7. Nc2 Nbd7 8.
Bf4 cxd4 9. Ncxd4 Bc5 10. Bc4 O-O 11. O-O Nb6 12. Bb3 Nbd5 13. Bg5 Qc7 14. Re1
a6 15. Ne5 Bd6 16. Qe2 h6 17. Bxf6 Nxf6 18. Rad1 Bxe5 19. Qxe5 Qxe5 20. Rxe5
Rd8 1/2-1/2

[Event "XXV Festival Conca della Presolana A"]
[Site "Bratto - Castione della Presolana ITA"]
[Date "2005.08.25"]
[Round "6"]
[White "Gosio, Denis"]
[Black "Ardaman, Miles"]
[Result "0-1"]
[WhiteElo "2152"]
[BlackElo "2308"]
[PlyCount "72"]
[EventDate "2005.08.20"]

1. e4 Nc6 2. Nf3 d6 3. d4 Nf6 4. Nc3 Bg4 5. Be3 e6 6. h3 Bh5 7. d5 Ne5 8. g4
Bg6 9. Nxe5 dxe5 10. Bb5+ Nd7 11. dxe6 fxe6 12. Qd3 Bd6 13. O-O-O a6 14. Bc4
Qe7 15. f3 O-O 16. h4 b5 17. Bb3 Rfb8 18. h5 Be8 19. g5 a5 20. Nxb5 Rxb5 21.
Qxb5 a4 22. Qb7 Rb8 23. Bxe6+ Qxe6 24. Qd5 Nf8 25. a3 Bb5 26. Rh2 Bc4 27. Qxe6+
Nxe6 28. h6 g6 29. Rf2 Kf7 30. Rg1 Rb5 31. Rd2 Ke8 32. Re1 Kd7 33. Rg1 Kc6 34.
Re1 Rb8 35. Rf2 Be7 36. Rd2 36... Rf8 {...} 0-1

[Event "XXV Festival Conca della Presolana A"]
[Site "Bratto - Castione della Presolana ITA"]
[Date "2005.08.25"]
[Round "6"]
[White "Gromovs, Sergejs"]
[Black "Di Paolo, Raffaele"]
[Result "1-0"]
[WhiteElo "2375"]
[BlackElo "2271"]
[PlyCount "68"]
[EventDate "2005.08.20"]

1. d4 Nf6 2. Nf3 d6 3. c4 g6 4. Nc3 Bg7 5. g3 O-O 6. Bg2 Nbd7 7. O-O e5 8. e4
c6 9. h3 Re8 10. Be3 Qe7 11. d5 cxd5 12. cxd5 Nf8 13. Nd2 Bd7 14. a4 Rec8 15.
Qb3 Be8 16. Rfc1 h5 17. Nb5 b6 18. Qa3 Bxb5 19. axb5 Rxc1+ 20. Rxc1 h4 21. g4
Ne8 22. Bxb6 Qb7 23. Be3 Qxb5 24. Bf1 Qb8 25. Ba6 Bf6 26. Rc8 Qxc8 27. Bxc8
Rxc8 28. Qxa7 Nh7 29. b4 Bg5 30. b5 Bxe3 31. Qxe3 Rb8 32. b6 Nhf6 33. Nc4 Nd7
34. Qa3 Nxb6 1-0

[Event "XXV Festival Conca della Presolana A"]
[Site "Bratto - Castione della Presolana ITA"]
[Date "2005.08.25"]
[Round "6"]
[White "Groszpeter, Attila"]
[Black "Tatai, Stefano"]
[Result "1-0"]
[WhiteElo "2525"]
[BlackElo "2370"]
[PlyCount "63"]
[EventDate "2005.08.20"]

1. e4 c5 2. Nf3 d6 3. d4 cxd4 4. Nxd4 Nf6 5. Nc3 a6 6. Bg5 e6 7. f4 Be7 8. Qf3
Qc7 9. O-O-O Nbd7 10. g4 h6 11. Bxf6 Bxf6 12. h4 Qb6 13. Nb3 Be7 14. Kb1 Nf8
15. a3 Bd7 16. Rd4 Ng6 17. h5 Nf8 18. Bd3 Nh7 19. Rd1 Rd8 20. Qe2 Qc7 21. g5
hxg5 22. e5 dxe5 23. fxe5 Nf8 24. Rf1 Bc6 25. Qf2 f6 26. exf6 Bxf6 27. Rxd8+
Kxd8 28. Ne4 Bxe4 29. Bxe4 Qe5 30. Qb6+ Ke8 31. Nc5 Nd7 32. Bg6+ 1-0

[Event "XXV Festival Conca della Presolana A"]
[Site "Bratto - Castione della Presolana ITA"]
[Date "2005.08.25"]
[Round "6"]
[White "Guido, Flavio"]
[Black "Bonazzi, Edoardo"]
[Result "1-0"]
[WhiteElo "2305"]
[BlackElo "2143"]
[PlyCount "69"]
[EventDate "2005.08.20"]

1. e4 c6 2. d4 d5 3. exd5 cxd5 4. c4 Nf6 5. Nc3 e6 6. Nf3 Be7 7. cxd5 Nxd5 8.
Bd3 Nc6 9. O-O O-O 10. Re1 Bf6 11. Be4 Nce7 12. Qd3 h6 13. Ne5 Nxc3 14. Qxc3 a5
15. Be3 Nd5 16. Qc5 a4 17. Bd2 Be7 18. Qc4 Ra6 19. Rac1 Qd6 20. a3 Nf6 21. Bf3
Nd5 22. g3 Qb6 23. Bxd5 exd5 24. Qxd5 Be6 25. Qf3 Qxb2 26. Bc3 Qb3 27. Rb1 Qd5
28. Qxd5 Bxd5 29. Nd7 Bxa3 30. Nxf8 Bxf8 31. Re8 b5 32. Bb4 Ra8 33. Rbe1 a3 34.
Rxa8 Bxa8 35. Re8 1-0

[Event "XXV Festival Conca della Presolana A"]
[Site "Bratto - Castione della Presolana ITA"]
[Date "2005.08.25"]
[Round "6"]
[White "Jones, Gawain C.B."]
[Black "Cebalo, Miso"]
[Result "1/2-1/2"]
[WhiteElo "2442"]
[BlackElo "2511"]
[PlyCount "114"]
[EventDate "2005.08.20"]

1. e4 c5 2. Nf3 d6 3. Nc3 Nf6 4. e5 dxe5 5. Nxe5 Nbd7 6. d4 e6 7. Bb5 a6 8.
Bxd7+ Bxd7 9. Bg5 h6 10. Bh4 Rc8 11. Bxf6 gxf6 12. Nxd7 Qxd7 13. d5 f5 14. Qe2
Bg7 15. O-O-O O-O 16. dxe6 Qxe6 17. Qf3 Bxc3 18. Qxc3 Qxa2 19. Rd3 Rc6 20. Rg3+
Rg6 21. b3 Rxg3 22. hxg3 Rd8 23. Re1 Rd4 24. f3 b5 25. b4 Qc4 26. Qxc4 Rxc4 27.
bxc5 Rxc5 28. Re8+ Kg7 29. Ra8 Rc6 30. Kd2 Rg6 31. Ke3 Rxg3 32. Rxa6 Rxg2 33.
Rb6 Rxc2 34. Rxb5 Kg6 35. Kf4 Rc4+ 36. Kg3 Kg5 37. Rb3 f4+ 38. Kh3 Rc2 39. Rb5+
f5 40. Rb2 Rc1 41. Kg2 Kh4 42. Ra2 Rc8 43. Kh2 h5 44. Rb2 Kg5 45. Kh3 Rc3 46.
Kg2 h4 47. Rb6 Rc2+ 48. Kh3 Rf2 49. Rb3 Kf6 50. Ra3 Re2 51. Ra6+ Ke5 52. Kxh4
Rh2+ 53. Kg5 Rg2+ 54. Kh4 Kd4 55. Ra3 Rg3 56. Kh5 Rg8 57. Kh4 Rg7 1/2-1/2

[Event "XXV Festival Conca della Presolana A"]
[Site "Bratto - Castione della Presolana ITA"]
[Date "2005.08.25"]
[Round "6"]
[White "Khenkin, Igor"]
[Black "Sanchez, Joseph"]
[Result "1-0"]
[WhiteElo "2610"]
[BlackElo "2452"]
[PlyCount "73"]
[EventDate "2005.08.20"]

1. d4 d5 2. c4 c6 3. Nf3 Nf6 4. e3 Bf5 5. Nc3 e6 6. Nh4 Be4 7. f3 Bg6 8. Qb3
Qb6 9. Nxg6 hxg6 10. Bd2 Nbd7 11. g3 Bd6 12. Kf2 Nh5 13. c5 Qxb3 14. axb3 Bc7
15. Bd3 e5 16. b4 f5 17. b5 Kf7 18. b4 exd4 19. exd4 Nf8 20. b6 Nxg3 21. hxg3
Rxh1 22. Rxh1 axb6 23. Ne2 Ne6 24. Bc3 bxc5 25. bxc5 b6 26. cxb6 Bxb6 27. Rb1
Bc7 28. Ra1 Rb8 29. Ra6 Bb6 30. Ba5 Bxd4+ 31. Nxd4 Nxd4 32. Bc3 c5 33. Ra7+ Ke6
34. Rxg7 Rb3 35. Bxd4 Rxd3 36. Bxc5 Kf6 37. Ke1 1-0

[Event "XXV Festival Conca della Presolana A"]
[Site "Bratto - Castione della Presolana ITA"]
[Date "2005.08.25"]
[Round "6"]
[White "Kidane, Robel"]
[Black "Bertagia, Roldano"]
[Result "1/2-1/2"]
[WhiteElo "2120"]
[BlackElo "2002"]
[PlyCount "50"]
[EventDate "2005.08.20"]

1. e4 e5 2. Nf3 Nc6 3. Bb5 a6 4. Ba4 Nf6 5. O-O b5 6. Bb3 Be7 7. Re1 d6 8. c3
Bb7 9. d4 O-O 10. a3 h6 11. Nbd2 Nh7 12. Nf1 Ng5 13. Ng3 Nxf3+ 14. Qxf3 exd4
15. Nf5 Bg5 16. Qg3 Kh7 17. h4 Bf6 18. f4 g6 19. e5 gxf5 20. Qh3 Bxh4 21. Qxf5+
Kg7 22. Qg4+ Kh8 23. Qh5 Bxe1 24. Qxh6+ Kg8 25. Qg6+ Kh8 1/2-1/2

[Event "XXV Festival Conca della Presolana A"]
[Site "Bratto - Castione della Presolana ITA"]
[Date "2005.08.25"]
[Round "6"]
[White "Lanzani, Giuliano"]
[Black "Gasperoni, Stefano"]
[Result "0-1"]
[WhiteElo "2074"]
[BlackElo "2021"]
[PlyCount "56"]
[EventDate "2005.08.20"]

1. e4 e5 2. f4 exf4 3. Nf3 d5 4. exd5 Nf6 5. Bc4 Nxd5 6. Qe2+ Be7 7. Nc3 c6 8.
Bxd5 cxd5 9. Qb5+ Nc6 10. O-O O-O 11. Qxd5 Qb6+ 12. Kh1 Be6 13. Qe4 Rad8 14. a3
g5 15. h4 h6 16. d3 Bf6 17. Bxf4 gxf4 18. Qxf4 Bg7 19. Ne4 f5 20. Nfg5 fxe4 21.
Qxe4 hxg5 22. Qxe6+ Kh8 23. hxg5 Ne5 24. Qh3+ Kg8 25. d4 Qxd4 26. Qe6+ Nf7 27.
Rf6 Bxf6 28. gxf6 Rd6 0-1

[Event "XXV Festival Conca della Presolana A"]
[Site "Bratto - Castione della Presolana ITA"]
[Date "2005.08.25"]
[Round "6"]
[White "Lucaroni, Massimiliano"]
[Black "Magrini, Fabrizio"]
[Result "1-0"]
[WhiteElo "2318"]
[BlackElo "1996"]
[PlyCount "72"]
[EventDate "2005.08.20"]

1. e4 c5 2. Nc3 Nc6 3. Nf3 Nf6 4. d4 cxd4 5. Nxd4 e5 6. Ndb5 d6 7. a4 a6 8. Na3
h6 9. Nc4 Be6 10. Ne3 Rc8 11. g3 Be7 12. Bg2 O-O 13. O-O Nd4 14. f4 Qd7 15.
Ncd5 Bd8 16. Nxf6+ Bxf6 17. f5 Bc4 18. Nxc4 Rxc4 19. c3 Nc6 20. Qd3 b5 21. axb5
axb5 22. b3 Rc5 23. Be3 Qc7 24. Bxc5 dxc5 25. Qxb5 Rb8 26. Qxc5 Be7 27. Qc4
Qb6+ 28. Kh1 Na5 29. Qd5 Nc6 30. b4 Rd8 31. Qc4 Rc8 32. Rfd1 Rc7 33. Qa6 Qe3
34. b5 Nb8 35. Qa8 Qb6 36. c4 Bc5 1-0

[Event "XXV Festival Conca della Presolana A"]
[Site "Bratto - Castione della Presolana ITA"]
[Date "2005.08.25"]
[Round "6"]
[White "Mantovani, Renzo"]
[Black "Bentivegna, Francesco"]
[Result "1-0"]
[WhiteElo "2371"]
[BlackElo "2225"]
[PlyCount "69"]
[EventDate "2005.08.20"]

1. Nf3 Nc6 2. d4 d5 3. Bf4 Bg4 4. Nbd2 e6 5. h3 Bh5 6. c3 Bd6 7. e3 Nge7 8. Be2
f6 9. b4 Bxf4 10. exf4 Qd6 11. g3 O-O 12. O-O Nd8 13. Re1 Nf7 14. Nh4 Bxe2 15.
Qxe2 e5 16. fxe5 fxe5 17. dxe5 Qe6 18. Qg4 Qxg4 19. hxg4 Nc6 20. f4 d4 21. b5
dxc3 22. bxc6 cxd2 23. Red1 bxc6 24. Rxd2 Rfd8 25. Rad1 Rxd2 26. Rxd2 Rd8 27.
Rxd8+ Nxd8 28. Kf2 Kf7 29. Ke3 c5 30. Nf3 h6 31. Ke4 Nc6 32. f5 c4 33. a3 Ke7
34. Nd4 Na5 35. Nb5 1-0

[Event "XXV Festival Conca della Presolana A"]
[Site "Bratto - Castione della Presolana ITA"]
[Date "2005.08.25"]
[Round "6"]
[White "Mogranzini, Roberto"]
[Black "Pechy, Alaster"]
[Result "0-1"]
[WhiteElo "2363"]
[BlackElo "2168"]
[PlyCount "68"]
[EventDate "2005.08.20"]

1. e4 c5 2. Nc3 Nc6 3. Bb5 g6 4. Bxc6 dxc6 5. d3 Bg7 6. Be3 b6 7. Qd2 e5 8.
Nge2 Nf6 9. h3 Nd7 10. Bh6 O-O 11. h4 Re8 12. Bxg7 Kxg7 13. h5 Nf8 14. hxg6
fxg6 15. O-O-O Kg8 16. f4 exf4 17. Nxf4 Qg5 18. g3 Bg4 19. Rdf1 a5 20. Kb1 a4
21. a3 b5 22. e5 Qxe5 23. Ne4 Bf5 24. Nh5 Bxe4 25. Nf6+ Qxf6 26. Rxf6 Bxh1 27.
Qc3 Bd5 28. Rf1 Nd7 29. Qd2 Ne5 30. Qc3 Nf3 31. Kc1 Re2 32. Qxc5 Rae8 33. c4
bxc4 34. Rxf3 Bxf3 0-1

[Event "XXV Festival Conca della Presolana A"]
[Site "Bratto - Castione della Presolana ITA"]
[Date "2005.08.25"]
[Round "6"]
[White "Mosca, Leonildo"]
[Black "Caruso, Augusto"]
[Result "1/2-1/2"]
[WhiteElo "2115"]
[BlackElo "2259"]
[PlyCount "61"]
[EventDate "2005.08.20"]

1. e4 e5 2. Bc4 Nf6 3. d3 Nc6 4. Nf3 d6 5. Ng5 d5 6. exd5 b5 7. Bxb5 Qxd5 8.
Nc3 Bb4 9. O-O Bxc3 10. Bxc6+ Qxc6 11. bxc3 Qxc3 12. Rb1 O-O 13. Bd2 Qd4 14.
Qf3 Bg4 15. Qg3 h6 16. Rb4 Qd7 17. Ne4 Nxe4 18. Rxe4 Bf5 19. Rxe5 Kh7 20. Rfe1
Bg6 21. h4 h5 22. Re7 Qd5 23. R1e5 Qd4 24. Rxc7 Qa1+ 25. Kh2 Rac8 26. Bc3 Qd1
27. Ree7 Rxc7 28. Qe5 Rg8 29. Rxc7 Qxc2 30. Rxa7 Qxf2 31. Ra4 1/2-1/2

[Event "XXV Festival Conca della Presolana A"]
[Site "Bratto - Castione della Presolana ITA"]
[Date "2005.08.25"]
[Round "6"]
[White "Ori, Marco"]
[Black "Bonanno, Alessandro"]
[Result "1/2-1/2"]
[WhiteElo "2087"]
[BlackElo "2132"]
[PlyCount "86"]
[EventDate "2005.08.20"]

1. e4 c5 2. Nf3 Nc6 3. Bb5 g6 4. Bxc6 dxc6 5. d3 Bg7 6. h3 Nf6 7. Nc3 Nd7 8.
Be3 e5 9. Qd2 Qe7 10. Bh6 Bxh6 11. Qxh6 f6 12. Nh4 Nf8 13. O-O-O Bd7 14. f4
exf4 15. d4 O-O-O 16. d5 g5 17. Nf5 Bxf5 18. exf5 Nd7 19. Rhe1 Ne5 20. h4 Ng4
21. Qh5 Ne3 22. hxg5 fxg5 23. dxc6 bxc6 24. Qh6 Kb7 25. f6 Qe5 26. Rxd8 Rxd8
27. Qxh7+ Ka6 28. f7 Qd6 29. Qd3+ Qxd3 30. cxd3 Rf8 31. Ne4 Rxf7 32. Nxg5 Rf5
33. Ne6 Nxg2 34. Rf1 f3 35. Kd2 Re5 36. Ng7 Re2+ 37. Kc3 Nh4 38. Nh5 Kb5 39.
Ng3 Rg2 40. Ne4 a5 41. Nd2 Rg3 42. b3 Rg4 43. a4+ Ka6 1/2-1/2

[Event "XXV Festival Conca della Presolana A"]
[Site "Bratto - Castione della Presolana ITA"]
[Date "2005.08.25"]
[Round "6"]
[White "Osuna Munoz, Xavier"]
[Black "Buono, Michele"]
[Result "1-0"]
[WhiteElo "2092"]
[BlackElo "2133"]
[PlyCount "105"]
[EventDate "2005.08.20"]

1. e4 g6 2. Nc3 Bg7 3. d3 d6 4. g3 c5 5. Bg2 Nc6 6. Nge2 Nf6 7. O-O a6 8. h3
O-O 9. f4 Qc7 10. g4 e6 11. Ng3 Ne8 12. f5 Be5 13. Nce2 Nd4 14. Nf4 Qe7 15. c3
Nc6 16. Nfe2 gxf5 17. exf5 exf5 18. Nxf5 Bxf5 19. Rxf5 Ng7 20. Rf2 Qh4 21. Bf4
Ne6 22. Bxe5 Nxe5 23. Nf4 Nxf4 24. Rxf4 Qg3 25. Qd2 Rae8 26. d4 cxd4 27. cxd4
Nd3 28. Rf3 Re1+ 29. Qxe1 Qxe1+ 30. Rxe1 Nxe1 31. Rb3 Nxg2 32. Kxg2 b5 33. Ra3
Ra8 34. Kf3 Kg7 35. Ke4 Kf6 36. Kd5 Ke7 37. Re3+ Kd7 38. Rf3 Ke7 39. Rc3 Ra7
40. Rc6 a5 41. Rxd6 b4 42. Rb6 Rd7+ 43. Kc5 Rc7+ 44. Rc6 Rb7 45. d5 Kd7 46. d6
b3 47. a3 f6 48. Rc7+ Rxc7+ 49. dxc7 Kxc7 50. Kb5 Kd6 51. Kxa5 Ke5 52. Kb4 Kf4
53. a4 1-0

[Event "XXV Festival Conca della Presolana A"]
[Site "Bratto - Castione della Presolana ITA"]
[Date "2005.08.25"]
[Round "6"]
[White "Pace, Pietro Dario"]
[Black "Lanzani, Mario"]
[Result "1/2-1/2"]
[WhiteElo "2198"]
[BlackElo "2356"]
[PlyCount "26"]
[EventDate "2005.08.20"]

1. e4 e5 2. Nf3 Nf6 3. Nxe5 d6 4. Nf3 Nxe4 5. Nc3 Nf6 6. d4 d5 7. h3 Bf5 8. Bd3
Bxd3 9. Qxd3 a6 10. O-O Be7 11. Bf4 O-O 12. Rfe1 Re8 13. Ne5 Nbd7 1/2-1/2

[Event "XXV Festival Conca della Presolana A"]
[Site "Bratto - Castione della Presolana ITA"]
[Date "2005.08.25"]
[Round "6"]
[White "Palac, Mladen"]
[Black "Mihalj, Miroslav M."]
[Result "1-0"]
[WhiteElo "2566"]
[BlackElo "2298"]
[PlyCount "83"]
[EventDate "2005.08.20"]

1. e4 e5 2. Nf3 Nf6 3. Nxe5 d6 4. Nf3 Nxe4 5. d4 d5 6. Bd3 Nc6 7. O-O Be7 8. c4
Nb4 9. cxd5 Nxd3 10. Qxd3 Qxd5 11. Re1 Bf5 12. Ne5 O-O-O 13. Qf3 g6 14. g4 Bh4
15. Nc3 Nxc3 16. bxc3 Be6 17. g5 f6 18. gxf6 Rhf8 19. Qxd5 Bxd5 20. f7 Bxf7 21.
Ba3 Bd5 22. Bxf8 Rxf8 23. Re2 Rf5 24. c4 Rg5+ 25. Kf1 Bg2+ 26. Ke1 Rf5 27. Rd1
c5 28. Rd3 cxd4 29. Rxd4 Bxf2+ 30. Rxf2 Rxe5+ 31. Re2 Rxe2+ 32. Kxe2 Bc6 33.
Ke3 Kc7 34. Rh4 h5 35. Kf4 Bd7 36. Kg5 Bf5 37. Rxh5 Bb1 38. Rh7+ Kc6 39. a3 a5
40. Rg7 b6 41. h4 Kc5 42. Rxg6 1-0

[Event "XXV Festival Conca della Presolana A"]
[Site "Bratto - Castione della Presolana ITA"]
[Date "2005.08.25"]
[Round "6"]
[White "Paolinelli, Giacomo"]
[Black "Mazzariol, Oscar"]
[Result "1/2-1/2"]
[WhiteElo "2042"]
[BlackElo "2078"]
[PlyCount "48"]
[EventDate "2005.08.20"]

1. e4 c5 2. Nc3 Nc6 3. g3 g6 4. Bg2 Bg7 5. d3 d6 6. Be3 Nh6 7. h3 f5 8. Qd2 Nf7
9. f4 Bd7 10. Nge2 Rb8 11. e5 dxe5 12. Bxc5 exf4 13. Nxf4 O-O 14. O-O Re8 15.
Nfe2 Qa5 16. Be3 e5 17. Nc1 Qb4 18. Nb3 b6 19. Qf2 Rbd8 20. Rae1 Qd6 21. Nb5
Qb8 22. Nc3 Qd6 23. Nb5 Qb8 24. Nc3 Qd6 1/2-1/2

[Event "XXV Festival Conca della Presolana A"]
[Site "Bratto - Castione della Presolana ITA"]
[Date "2005.08.25"]
[Round "6"]
[White "Pegoraro, Nicola"]
[Black "Astengo, Corrado"]
[Result "1/2-1/2"]
[WhiteElo "2085"]
[BlackElo "2129"]
[PlyCount "60"]
[EventDate "2005.08.20"]

1. e4 c5 2. Nf3 e6 3. d4 cxd4 4. Nxd4 Nc6 5. Nb5 d6 6. Bf4 e5 7. Be3 Nf6 8. Bg5
a6 9. N5c3 Be7 10. Bxf6 Bxf6 11. Nd5 Bg5 12. Bd3 Be6 13. Nbc3 O-O 14. h4 Be7
15. Ne3 b5 16. Ncd5 Re8 17. g3 Bf8 18. Kf1 Ne7 19. Kg2 Bxd5 20. exd5 Qc8 21.
Qf3 g6 22. g4 Bg7 23. g5 Rf8 24. Qh3 Qxh3+ 25. Rxh3 f5 26. gxf6 Rxf6 27. f3 Rf4
28. Be4 Nf5 29. Kf2 Nxe3 30. Kxe3 Rc8 1/2-1/2

[Event "XXV Festival Conca della Presolana A"]
[Site "Bratto - Castione della Presolana ITA"]
[Date "2005.08.25"]
[Round "6"]
[White "Piantoni, Roberto"]
[Black "Cecchetto, Vanni"]
[Result "1/2-1/2"]
[WhiteElo "2186"]
[BlackElo "2019"]
[PlyCount "53"]
[EventDate "2005.08.20"]

1. d4 c5 2. dxc5 Qa5+ 3. c3 Qxc5 4. e4 d6 5. Be3 Qc7 6. Nf3 Nf6 7. Na3 a6 8.
Bd3 Bg4 9. h3 Bxf3 10. Qxf3 Nbd7 11. O-O Ne5 12. Qe2 Nxd3 13. Qxd3 Qc6 14. f3
g6 15. Nc4 b5 16. Nb6 Rb8 17. Nd5 Nxd5 18. exd5 Qc4 19. Qd4 Qxd4 20. Bxd4 Rg8
21. Rfe1 Kd7 22. Re4 e6 23. dxe6+ fxe6 24. Rae1 e5 25. Bf2 Bg7 26. Rd1 Kc6 27.
Re2 1/2-1/2

[Event "XXV Festival Conca della Presolana A"]
[Site "Bratto - Castione della Presolana ITA"]
[Date "2005.08.25"]
[Round "6"]
[White "Pulvirenti, Gianni"]
[Black "Nardelli, Marco"]
[Result "0-1"]
[WhiteElo "1965"]
[BlackElo "2108"]
[PlyCount "114"]
[EventDate "2005.08.20"]

1. d4 Nf6 2. Nf3 e6 3. c4 b6 4. e3 Bb7 5. Nc3 Bb4 6. Bd2 O-O 7. Bd3 d6 8. a3
Bxc3 9. Bxc3 Nbd7 10. O-O c5 11. Qe2 Ne4 12. Rac1 Qc7 13. Nd2 Nxc3 14. Rxc3 e5
15. Rd1 Rae8 16. dxc5 e4 17. Bc2 dxc5 18. Ba4 Bc6 19. Bxc6 Qxc6 20. Nb1 Rd8 21.
Rc2 Ne5 22. Rxd8 Rxd8 23. Nc3 Rd3 24. Nd5 Qa4 25. Nf4 g5 26. Nh3 Qd7 27. Rc1
Rd2 28. Qf1 Qg4 29. Kh1 Nd3 30. Rb1 Nxb2 31. f3 exf3 32. gxf3 Qh5 33. Kg1 Nd3
34. Rd1 Rxd1 35. Qxd1 Ne5 36. Kg2 g4 37. Qd8+ Kg7 38. Nf4 gxf3+ 39. Kf1 Qf5 40.
Kf2 Ng6 41. Kxf3 Nxf4 42. exf4 Qh3+ 43. Ke2 Qxh2+ 44. Kf3 Qh3+ 45. Kf2 Qf5 46.
Qc7 h5 47. Qxa7 Qxf4+ 48. Ke1 Qxc4 49. Qc7 Qc3+ 50. Kf1 h4 51. Qd7 Qf3+ 52. Ke1
h3 53. Qc7 Qe3+ 54. Kd1 Qd3+ 55. Ke1 Qc3+ 56. Kf1 c4 57. Kg1 Qf3 0-1

[Event "XXV Festival Conca della Presolana A"]
[Site "Bratto - Castione della Presolana ITA"]
[Date "2005.08.25"]
[Round "6"]
[White "Qendro, Llambi"]
[Black "Hunt, Adam C."]
[Result "1-0"]
[WhiteElo "2357"]
[BlackElo "2427"]
[PlyCount "93"]
[EventDate "2005.08.20"]

1. d4 Nf6 2. c4 g6 3. Nc3 Bg7 4. e4 d6 5. f3 O-O 6. Bg5 c5 7. d5 e6 8. Qd2 exd5
9. cxd5 a6 10. a4 h6 11. Be3 h5 12. Bd3 Nbd7 13. Nh3 Ne5 14. Nf2 Nxd3+ 15. Nxd3
Nd7 16. O-O Qa5 17. Bh6 Bd4+ 18. Nf2 Re8 19. Qc2 Qc7 20. Ne2 Bh8 21. Bd2 Ne5
22. Bc3 Bd7 23. f4 Ng4 24. Bxh8 Kxh8 25. Nxg4 Bxg4 26. Nc3 Qe7 27. Rae1 Bd7 28.
Qd2 Kh7 29. e5 Bf5 30. Ne4 Bxe4 31. Rxe4 f5 32. Re2 Qd7 33. a5 Re7 34. Rfe1
Rae8 35. exd6 Qxd6 36. Rxe7+ Rxe7 37. Rxe7+ Qxe7 38. d6 Qd7 39. Qd5 c4 40. Kf2
Kg7 41. Ke3 Kf8 42. Kd4 Qa4 43. Qxc4 Qd1+ 44. Kc5 Qd2 45. b4 Qxg2 46. Kb6 Qd2
47. Kc7 1-0

[Event "XXV Festival Conca della Presolana A"]
[Site "Bratto - Castione della Presolana ITA"]
[Date "2005.08.25"]
[Round "6"]
[White "Radice, Luca"]
[Black "Podini, Francesco"]
[Result "1/2-1/2"]
[WhiteElo "2100"]
[BlackElo "2062"]
[PlyCount "34"]
[EventDate "2005.08.20"]

1. d4 e6 2. c4 f5 3. g3 Nf6 4. Bg2 d5 5. Nf3 c6 6. O-O Bd6 7. Bf4 Bxf4 8. gxf4
O-O 9. Qc2 Qe7 10. Ne5 Nbd7 11. Nd3 Ne4 12. b3 b6 13. Nd2 Bb7 14. Nf3 Rac8 15.
Qb2 Rfd8 16. Nde5 Nxe5 17. Nxe5 c5 1/2-1/2

[Event "XXV Festival Conca della Presolana A"]
[Site "Bratto - Castione della Presolana ITA"]
[Date "2005.08.25"]
[Round "6"]
[White "Ranfagni, Stefano"]
[Black "Mosconi, Ariel Oscar"]
[Result "0-1"]
[WhiteElo "1934"]
[BlackElo "2102"]
[PlyCount "38"]
[EventDate "2005.08.20"]

1. e4 e5 2. Nf3 Nc6 3. Bc4 Nf6 4. d3 Be7 5. Nc3 O-O 6. Bg5 d6 7. Qd2 a6 8. a4
Be6 9. Nd5 Bxd5 10. Bxd5 Nxd5 11. exd5 Bxg5 12. Nxg5 Nd4 13. Ne4 f5 14. Nc3 Qh4
15. O-O-O b5 16. a5 b4 17. g3 Qh5 18. Na2 b3 19. Nb4 bxc2 0-1

[Event "XXV Festival Conca della Presolana A"]
[Site "Bratto - Castione della Presolana ITA"]
[Date "2005.08.25"]
[Round "6"]
[White "Ranola, Yves"]
[Black "Atalik, Suat"]
[Result "0-1"]
[WhiteElo "2466"]
[BlackElo "2561"]
[PlyCount "102"]
[EventDate "2005.08.20"]

1. c4 e5 2. g3 Nf6 3. Bg2 d5 4. cxd5 Nxd5 5. Nc3 Nb6 6. Nf3 Nc6 7. d3 Be7 8.
O-O O-O 9. Be3 Be6 10. Rc1 f6 11. d4 exd4 12. Nxd4 Nxd4 13. Qxd4 Qxd4 14. Bxd4
c6 15. b3 Rad8 16. Be3 f5 17. Rc2 Rd7 18. Na4 Nxa4 19. bxa4 c5 20. Rb1 b6 21.
a5 bxa5 22. f4 c4 23. Rb5 a4 24. Re5 Kf7 25. Bc6 Rd1+ 26. Kf2 a3 27. Ra5 Rc8
28. Ba4 Bb4 29. Rxa7+ Kg8 30. Rxc4 Bxc4 31. Bxd1 Bxa2 32. Bd4 Bf7 33. Ba4 g6
34. Bd7 Rd8 35. g4 fxg4 36. e4 a2 37. Kg3 h5 38. e5 Bc5 39. Bxc5 Rxd7 40. Ra8+
Kh7 41. Bd6 Bd5 42. Ra5 Rd8 43. Ra7+ Kg8 44. Bc5 Ra8 45. Rxa8+ Bxa8 46. Bd4 Kf7
47. h3 gxh3 48. f5 gxf5 49. Kxh3 f4 50. Kh4 f3 51. Kg3 h4+ 0-1

[Event "XXV Festival Conca della Presolana A"]
[Site "Bratto - Castione della Presolana ITA"]
[Date "2005.08.25"]
[Round "6"]
[White "Raselli, Claudio"]
[Black "Virzi, Ettore"]
[Result "1/2-1/2"]
[WhiteElo "2063"]
[BlackElo "2008"]
[PlyCount "111"]
[EventDate "2005.08.20"]

1. e4 e5 2. Nf3 Nc6 3. Bb5 a6 4. Ba4 Nf6 5. O-O b5 6. Bb3 Bc5 7. d3 d6 8. Be3
Bxe3 9. fxe3 Na5 10. Nc3 Nxb3 11. axb3 Bd7 12. Qe1 O-O 13. Nh4 Nh5 14. Nf5 g6
15. Ng3 Nxg3 16. Qxg3 c6 17. b4 a5 18. Rxa5 Rxa5 19. bxa5 Qxa5 20. Qg5 Qd8 21.
Qxd8 Rxd8 22. Ra1 Kf8 23. Ra7 Ke8 24. b4 Be6 25. Kf2 Rd7 26. Ra8+ Rd8 27. Ra6
Rc8 28. Ra7 Kd8 29. h3 Rc7 30. Ra8+ Ke7 31. g4 Rc8 32. Ra7+ Kf6 33. Kg3 h5 34.
Ra6 hxg4 35. hxg4 Kg5 36. Ra7 f6 37. Nd1 Bxg4 38. Nf2 Bh5 39. Nh3+ Kh6 40. Rf7
c5 41. bxc5 Rxc5 42. Rxf6 Rxc2 43. Rxd6 Re2 44. Rd5 Rxe3+ 45. Kg2 Re2+ 46. Kg3
Re3+ 47. Kg2 b4 48. Rxe5 Rxd3 49. Rb5 b3 50. Nf4 Rd2+ 51. Kg3 b2 52. Nxh5 gxh5
53. Kh4 Re2 54. Rb6+ Kg7 55. Kxh5 Kf7 56. Kg5 1/2-1/2

[Event "XXV Festival Conca della Presolana A"]
[Site "Bratto - Castione della Presolana ITA"]
[Date "2005.08.25"]
[Round "6"]
[White "Ricci, Alfredo"]
[Black "Moncelli, Giorgio"]
[Result "0-1"]
[WhiteElo "2015"]
[BlackElo "2149"]
[PlyCount "96"]
[EventDate "2005.08.20"]

1. e4 d6 2. d4 Nf6 3. Nc3 g6 4. f4 Bg7 5. e5 dxe5 6. fxe5 Nd5 7. Bc4 Nb6 8. Bb3
Nc6 9. Nf3 O-O 10. Be3 Bg4 11. O-O Qd7 12. Qd2 Rad8 13. Rad1 Na5 14. Bh6 Nbc4
15. Qc1 c5 16. Bxg7 Kxg7 17. Bxc4 Nxc4 18. b3 Na5 19. dxc5 Qc7 20. Qe3 Bxf3 21.
gxf3 Rc8 22. Na4 Rfd8 23. a3 Nc6 24. f4 Rxd1 25. Rxd1 Rd8 26. Rd3 Rxd3 27. cxd3
Qd7 28. Nc3 Nd4 29. b4 Nc2 30. Qe4 Nxa3 31. d4 Qg4+ 32. Kh1 Qh3 33. Qe1 Qf3+
34. Kg1 Qxf4 35. Ne2 Qg4+ 36. Kf1 Nc2 37. Qd2 Qf3+ 38. Kg1 Ne3 39. Ng3 h5 40.
Qe2 Qf4 41. Qf2 Qxd4 42. Nf1 Qg4+ 43. Kh1 Qe4+ 44. Kg1 Ng4 45. Qb2 Nxe5 46. Qc3
Kg8 47. b5 Qe2 48. Ng3 Nf3+ 0-1